NEW horizons : Forestry in Papua New Guinea

Bibliographic Details
Format: Book
Published: Brisbane : Jacaranda Press , 1973
Subjects:

MARC

LEADER 00000cam a2200000 7i4500
001 0000001503
005 20010720.0
020 0 0 |a 0701681845 
090 0 0 |a 634.909953   |b NEW 1973 
245 0 0 |a NEW horizons :   |b Forestry in Papua New Guinea 
260 0 0 |a Brisbane :   |b Jacaranda Press ,   |c 1973 
300 |a vi, 70 p. :   |b col. ill., foldedmaps ;   |c 30 cm. 
650 0 0 |a Forests and forestry   |z Papua New Guinea 
998 |a JPSM 
999 |a 0000002917   |b Monograph   |c Open Shelf   |e Default branch